Länder, die an Argentinien grenzen - Statistiken

Allgemein
  • Dieses Quiz wurde 653 mal gespielt
  • Das Durchschnittsergebnis liegt bei 5 aus 5
Antwortstatistiken
km Land % Korrekt
1132 Brasilien
100%
5308 Chile
100%
495 Uruguay
98%
1699 Paraguay
96%
742 Bolivien
95%
Keine übereinstimmenden Quizze gefunden
Verteilung der Resultate
Anzahl Personen mit jedem Resultat
Perzentil nach korrekt beantworteten Fragen
Ihre Resultats-Entwicklung
Sie haben dieses Quiz noch nicht gespielt